logo

Bir Sreshtho Munshi Abdur Rouf Library
Jhenaidah Cadet College

নির্বাচিত প্রেমের কবিতা / (Record no. 13763)

MARC details
000 -LEADER
fixed length control field 00718nam a2200229 a 4500
001 - CONTROL NUMBER
JCCL Control Number 13763
003 - CONTROL NUMBER IDENTIFIER
JCCL marc code BD-JhCC
005 - DATE AND TIME OF LATEST TRANSACTION
control field 20240321113720.0
008 - FIXED-LENGTH DATA ELEMENTS--GENERAL INFORMATION
fixed length control field 240321b2024 bg |||| ||a| 000 0 Ben d
020 ## - INTERNATIONAL STANDARD BOOK NUMBER
International Standard Book Number 9789849758372
035 ## - SYSTEM CONTROL NUMBER
system control number (BD-JhCC)13763
040 ## - CATALOGING SOURCE
Original cataloging agency BD-JhCC
Modifying agency BD-JhCC
041 ## - LANGUAGE CODE
Language code of Book Bengali
082 ## - DEWEY DECIMAL CLASSIFICATION NUMBER
Classification number 891.4415
Author mark and Year CHA 2024
100 ## - MAIN ENTRY--PERSONAL NAME
Personal name চট্টোপাধ্যায়, বীথি
245 ## - TITLE STATEMENT
Title নির্বাচিত প্রেমের কবিতা /
Statement of responsibility, etc বীথি চট্টোপাধ্যায় ।
260 ## - PUBLICATION, DISTRIBUTION, ETC. (IMPRINT)
Place of publication, distribution, etc ঢাকা:
Name of publisher, distributor, etc অন্য প্রকাশ;
Date of publication, distribution, etc 2024.
300 ## - PHYSICAL DESCRIPTION
Pagination 63 p. :
Dimensions 22 cm
650 ## - SUBJECT ADDED ENTRY--TOPICAL TERM
Topical term or geographic name as entry element Bengali Poem.
942 ## - ADDED ENTRY ELEMENTS (KOHA)
Source of classification or shelving scheme Dewey Decimal Classification
Koha item type Books
Holdings
Source of classification or shelving scheme Damaged status Not for loan Home library Current library Shelving location Date of accession Cost, normal purchase price Total Checkouts Full call number Barcode Date last seen Date checked out Copy number Method of acquisition Koha item type Currency
Dewey Decimal Classification     JCC Rouf Library JCC Rouf Library General Stacks   300.00 1 891.4415 CHA 2024 18957 07/29/2024 07/08/2024 C-1 Purchase Books BDT
Dewey Decimal Classification     JCC Rouf Library JCC Rouf Library General Stacks   300.00   891.4415 CHA 2024 18958 03/21/2024   C-2 Purchase Books BDT

JCC Library | Contacts | JCC Home

Last Update on 23 September 2017
Copyright @ 2017-2020 JCC Rouf Library
Rouf Library, Jhenidah Cadet College (JCC), Bangladesh